El Proceso del P.O.U.M. : junio de 1937-octubre de 1938 : transcripción del sumario, juicio oral y sentencia del Tribunal Especial ; presentación y notas de Víctor Alba y Marisa Ardévol con la colaboración de Manuel Alberich ... [et al.] junio de 1937-octubre de 1938 :
MARC
| LEADER | 00000nam a2200000Ia 4500 | ||
|---|---|---|---|
| 001 | 17091 | ||
| 008 | 160829s1989 xx 000 0 cat d | ||
| 020 | |a 84-7584-108-2 | ||
| 080 | |a M-5-143 | ||
| 245 | |a El Proceso del P.O.U.M. : |b junio de 1937-octubre de 1938 : |b transcripción del sumario, juicio oral y sentencia del Tribunal Especial ; presentación y notas de Víctor Alba y Marisa Ardévol con la colaboración de Manuel Alberich ... [et al.] | ||
| 260 | |a Barcelona : |b Lerna, |c 1989 | ||
| 300 | |a 577 p. ; |c 20 cm | ||
| 490 | |a Filae | ||
| 590 | |a Bibliografia p. 569-570. Índex | ||
| 650 | |a Partits polítics |x Espanya |x Història |x 1937-1938 |9 22229 | ||
| 650 | 0 | |a Partits polítics |z Espanya |9 18462 | |
| 650 | |a Processos |x Delictes polítics |x Catalunya |x Barcelona I |9 22231 | ||
| 650 | |a POUM |9 22232 | ||
| 650 | |a Partit Obrer d'Unficació Marxista |x Processos, litigis, etc. |9 22233 | ||
| 650 | |a Partit Obrer d'Unificació Marxista |x Història |x Fonts |9 22234 | ||
| 700 | 1 | |a Alba, Víctor |9 22235 | |
| 700 | 1 | |a Alberich, Manuel |9 22236 | |
| 700 | |a Ardèvol, Marisa |9 22237 | ||
| 901 | |a Arxiu | ||
| 942 | |n 1 | ||
| 952 | |0 0 |1 0 |4 0 |6 M5143 |7 1 |9 42134 |a Arxiu |b Arxiu |d 2016-12-01 |l 0 |o M-5-143 |p 17091 |r 2016-12-01 00:00:00 |w 2016-12-01 |y ARXIU | ||
| 999 | |c 44581 |d 44581 | ||